000 00246nam a22000857a 4500
008 160630b xxu||||| |||| 00| 0 eng d
100 _91550
_a Kapur, J.N
245 _aMathematics Enjoyment for the Millions
260 _aNew Delhi
_bArya Publication
_c2005
999 _c1281
_d1281